The first records of Anglo-American colonization; (Record no. 52417)
[ view plain ]
| 000 -LEADER | |
|---|---|
| fixed length control field | 00894cam a22002651 4500 |
| 001 - CONTROL NUMBER | |
| control field | rc 01002811 |
| 003 - CONTROL NUMBER IDENTIFIER | |
| control field | DLC |
| 005 - DATE AND TIME OF LATEST TRANSACTION | |
| control field | 20260227111907.0 |
| 007 - PHYSICAL DESCRIPTION FIXED FIELD--GENERAL INFORMATION | |
| fixed length control field | cr_||||||||||| |
| 008 - FIXED-LENGTH DATA ELEMENTS--GENERAL INFORMATION | |
| fixed length control field | 800612s1859 mau 000 0 eng |
| 010 ## - LIBRARY OF CONGRESS CONTROL NUMBER | |
| LC control number | rc 01002811 |
| 035 ## - SYSTEM CONTROL NUMBER | |
| System control number | (OCoLC)6414115 |
| 040 ## - CATALOGING SOURCE | |
| Original cataloging agency | DLC |
| Transcribing agency | Vi |
| Modifying agency | OCoLC |
| -- | DLC |
| 042 ## - AUTHENTICATION CODE | |
| Authentication code | premarc |
| 050 00 - LIBRARY OF CONGRESS CALL NUMBER | |
| Classification number | F229 |
| Item number | .T57 |
| 100 1# - MAIN ENTRY--PERSONAL NAME | |
| Personal name | Thornton, John Wingate, |
| Dates associated with a name | 1818-1878. |
| 245 14 - TITLE STATEMENT | |
| Title | The first records of Anglo-American colonization; |
| Remainder of title | their history, |
| Statement of responsibility, etc. | by John Wingate Thornton. |
| 260 ## - PUBLICATION, DISTRIBUTION, ETC. | |
| Place of publication, distribution, etc. | Boston, |
| Name of publisher, distributor, etc. | Gould and Lincoln, |
| Date of publication, distribution, etc. | 1859. |
| 300 ## - PHYSICAL DESCRIPTION | |
| Extent | 12 p. |
| Dimensions | 23 cm. |
| 530 ## - ADDITIONAL PHYSICAL FORM AVAILABLE NOTE | |
| Additional physical form available note | Also available in digital form on the Internet Archive Web site. |
| 610 20 - SUBJECT ADDED ENTRY--CORPORATE NAME | |
| Corporate name or jurisdiction name as entry element | Virginia Company of London. |
| 651 #0 - SUBJECT ADDED ENTRY--GEOGRAPHIC NAME | |
| Geographic name | Virginia |
| General subdivision | History |
| Chronological subdivision | Colonial period, ca. 1600-1775. |
| 740 0# - ADDED ENTRY--UNCONTROLLED RELATED/ANALYTICAL TITLE | |
| Uncontrolled related/analytical title | Anglo-American colonization. |
| 856 41 - ELECTRONIC LOCATION AND ACCESS | |
| Uniform Resource Identifier | <a href="http://hdl.loc.gov/loc.gdc/scd0001.00054389632">http://hdl.loc.gov/loc.gdc/scd0001.00054389632</a> |
No items available.